[Event "AUT-chT2M 1617"]
[Site "Austria"]
[Date "2017.03.26"]
[Round "11.1"]
[White "Schnider, Gert"]
[Black "Rolletschek, Heinrich"]
[Result "1-0"]
[WhiteElo "2403"]
[BlackElo "2136"]
[PlyCount "69"]
[EventDate "2016.10.07"]
[EventType "team-tourn"]
[EventRounds "11"]
[EventCountry "AUT"]
[SourceTitle "CBM 177 Extra"]
[Source "ChessBase"]
[SourceDate "2017.04.27"]
[SourceVersion "1"]
[SourceVersionDate "2017.04.27"]
[SourceQuality "1"]
[WhiteTeam "Graz Schachfreunde"]
[BlackTeam "Gmunden"]
[WhiteTeamCountry "AUT"]
[BlackTeamCountry "AUT"]

1. e4 e5 2. Nf3 Nc6 3. Bb5 a6 4. Ba4 d6 5. c3 Bd7 6. 0-0 g6 7. d4 Bg7 8. Re1 Nge7 9. Be3 0-0 10. Nbd2 h6 11. dxe5 Nxe5 12. Nxe5 dxe5 13. Bb3 Nc6 14. a4 a5 15. Bd5 Qe7 16. Qb3 Nd8 17. Nc4 Be6 18. Rad1 Kh7 19. Rd2 Bxd5 20. Rxd5 b6 21. Red1 Qe6 22. f3 Nb7 23. Rd7 Rac8 24. Qb5 Rfd8 25. Rxd8 Rxd8 26. Rxd8 Nxd8 27. Qd5 Qe7 28. g3 h5 29. Kg2 f6 30. f4 exf4 31. gxf4 Bh6 32. f5 Bxe3 33. fxg6+ Kxg6 34. Nxe3 c6 35. Qg8+ 1-0

[Event "AUT-chT2M 1617"]
[Site "Austria"]
[Date "2017.01.29"]
[Round "8.6"]
[White "Rolletschek, Heinrich"]
[Black "Dietmayer Kraeutler, Marco"]
[Result "1/2-1/2"]
[WhiteElo "2136"]
[BlackElo "2281"]
[PlyCount "90"]
[EventDate "2016.10.07"]
[EventType "team-tourn"]
[EventRounds "11"]
[EventCountry "AUT"]
[SourceTitle "CBM 177 Extra"]
[Source "ChessBase"]
[SourceDate "2017.04.27"]
[SourceVersion "1"]
[SourceVersionDate "2017.04.27"]
[SourceQuality "1"]
[WhiteTeam "Gmunden"]
[BlackTeam "Leoben"]
[WhiteTeamCountry "AUT"]
[BlackTeamCountry "AUT"]

1. e4 e5 2. Nf3 Nc6 3. Bb5 a6 4. Ba4 Nf6 5. 0-0 b5 6. Bb3 Be7 7. Re1 d6 8. c3 0-0 9. h3 Na5 10. Bc2 c5 11. d4 Nc6 12. Nbd2 Qb6 13. dxc5 dxc5 14. Nf1 Rd8 15. Qe2 h6 16. Ne3 Be6 17. a4 c4 18. axb5 axb5 19. Rxa8 Rxa8 20. Nd5 Nxd5 21. exd5 Bxd5 22. Nxe5 Nxe5 23. Qxe5 Qe6 24. Bf5 Qxe5 25. Rxe5 Be6 26. Bxe6 fxe6 27. Rxe6 Ra1 28. Rxe7 Rxc1+ 29. Kh2 Rc2 30. Rb7 Rxb2 31. Kg3 Kh7 32. Kf3 Kg6 33. Ke3 Kf6 34. g3 g5 35. f4 gxf4+ 36. Kxf4 Ke6 37. Ke4 Kd6 38. g4 Kc6 39. Rh7 Re2+ 40. Kf4 Rf2+ 41. Ke3 Rc2 42. Rxh6+ Kc5 43. Rh5+ Kc6 44. Rh6+ Kc5 45. Rh5+ Kc6 1/2-1/2

[Event "AUT-chT2M 1617"]
[Site "Austria"]
[Date "2016.11.13"]
[Round "5.3"]
[White "Rolletschek, Heinrich"]
[Black "Testor, Sebastian"]
[Result "1/2-1/2"]
[WhiteElo "2136"]
[BlackElo "2316"]
[PlyCount "57"]
[EventDate "2016.10.07"]
[EventType "team-tourn"]
[EventRounds "11"]
[EventCountry "AUT"]
[SourceTitle "CBM 175 Extra"]
[Source "ChessBase"]
[SourceDate "2016.12.12"]
[SourceVersion "1"]
[SourceVersionDate "2016.12.12"]
[SourceQuality "1"]
[WhiteTeam "Gmunden"]
[BlackTeam "Sauwald"]
[WhiteTeamCountry "AUT"]
[BlackTeamCountry "AUT"]

1. e4 e6 2. d3 d5 3. Nd2 c5 4. Ngf3 Nc6 5. g3 Bd6 6. Bg2 Nge7 7. 0-0 0-0 8. c3 b6 9. exd5 exd5 10. d4 cxd4 11. Nxd4 Nxd4 12. cxd4 Bf5 13. Nb1 Qd7 14. Re1 Rac8 15. Nc3 Bb4 16. Bd2 Rc4 17. a3 Bxc3 18. Bxc3 Rfc8 19. Rc1 Be6 20. Qd2 R4c7 21. b3 Nf5 22. Bf1 Nd6 23. f3 a5 24. a4 Bf5 25. Ba6 Ra8 26. Bf1 Rac8 27. Ba6 Ra8 28. Bf1 Rac8 29. Ba6 1/2-1/2

[Event "Schwarzach op 30th"]
[Site "Schwarzach"]
[Date "2015.08.28"]
[Round "8"]
[White "Klek, Hanna Marie"]
[Black "Rolletschek, Heinrich"]
[Result "1-0"]
[WhiteElo "2251"]
[BlackElo "2163"]
[PlyCount "131"]
[EventDate "2015.08.22"]
[EventType "swiss"]
[EventRounds "9"]
[EventCountry "AUT"]
[SourceTitle "EXT 2016"]
[Source "ChessBase"]
[SourceDate "2015.10.08"]
[SourceVersion "1"]
[SourceVersionDate "2015.10.08"]
[SourceQuality "1"]

1. e4 e5 2. Bc4 Nf6 3. d3 Bc5 4. Nc3 c6 5. f4 d6 6. Nf3 Qe7 7. f5 d5 8. Bb3 dxe4 9. dxe4 b6 10. Bg5 0-0 11. g4 Ba6 12. Qd2 Rd8 13. Qg2 Kh8 14. Qg3 Nbd7 15. 0-0-0 h6 16. Qh4 Kg8 17. Bd2 Nh7 18. Qg3 Bd4 19. h4 Nc5 20. g5 Nxb3+ 21. axb3 h5 22. f6 Qe6 23. fxg7 Kxg7 24. Rde1 Nf8 25. Ne2 Bxe2 26. Rxe2 Ng6 27. Nxd4 exd4 28. Qf3 Ne5 29. Qf5 Re8 30. Rf1 Rad8 31. Qf6+ Kg8 32. Ref2 Rd7 33. Qf4 Ng4 34. Re2 c5 35. Qg3 Qc6 36. Rf4 Rde7 37. Qf3 Kg7 38. Re1 Qg6 39. Rf6 Qh7 40. Rf1 Kg8 41. g6 Qxg6 42. Rxg6+ fxg6 43. Qf4 Ne5 44. Qg5 Kh7 45. Rf6 Rg7 46. Qf4 Kg8 47. Qf1 Kh7 48. Bg5 Ng4 49. Rf7 Rxe4 50. Rxg7+ Kxg7 51. Kb1 Re6 52. Qa6 Ne5 53. Qc8 Kf7 54. Qb7+ Kg8 55. Qd5 Kf7 56. b4 cxb4 57. Qxd4 a5 58. Qd5 Nc6 59. Ka2 Ne7 60. Qc4 Nc6 61. Qf4+ Ke8 62. Qc7 Ne5 63. Kb3 Kf8 64. Ka4 Nf7 65. Qc8+ Re8 66. Qc6 1-0

[Event "Schwarzach op 30th"]
[Site "Schwarzach"]
[Date "2015.08.24"]
[Round "4"]
[White "Krstic, Uros"]
[Black "Rolletschek, Heinrich"]
[Result "1-0"]
[WhiteElo "2429"]
[BlackElo "2163"]
[PlyCount "47"]
[EventDate "2015.08.22"]
[EventType "swiss"]
[EventRounds "9"]
[EventCountry "AUT"]
[SourceTitle "EXT 2016"]
[Source "ChessBase"]
[SourceDate "2015.10.08"]
[SourceVersion "1"]
[SourceVersionDate "2015.10.08"]
[SourceQuality "1"]

1. e4 e5 2. Nf3 Nc6 3. Bb5 a6 4. Ba4 d6 5. 0-0 Bd7 6. c4 g6 7. d4 Bg7 8. Bg5 f6 9. Be3 Bh6 10. Nc3 Bxe3 11. fxe3 Nh6 12. c5 dxc5 13. dxc5 Nb8 14. Bb3 Bc6 15. Qe1 Nd7 16. Qh4 Nf7 17. Rad1 Qe7 18. Bxf7+ Qxf7 19. Nd5 Bxd5 20. exd5 Nxc5 21. Nxe5 Qg7 22. Rxf6 0-0-0 23. Nf7 Rhf8 24. Rdf1 1-0

[Event "Schwarzach op 27th"]
[Site "Schwarzach"]
[Date "2012.08.24"]
[Round "7"]
[White "Rolletschek, Heinrich"]
[Black "Bukal, Vladimir Jr"]
[Result "0-1"]
[WhiteElo "2253"]
[BlackElo "2418"]
[PlyCount "54"]
[EventDate "2012.08.18"]
[EventType "swiss"]
[EventRounds "9"]
[EventCountry "AUT"]
[SourceTitle "CBM 150 Extra"]
[Source "ChessBase"]
[SourceDate "2012.10.19"]
[SourceVersion "1"]
[SourceVersionDate "2012.10.19"]
[SourceQuality "1"]

1. e4 c5 2. Nf3 e6 3. d3 Nc6 4. g3 g6 5. Bg2 Bg7 6. c3 Nge7 7. 0-0 0-0 8. Be3 b6 9. d4 d5 10. e5 Nf5 11. Bg5 f6 12. exf6 Bxf6 13. Bxf6 Qxf6 14. dxc5 bxc5 15. Re1 Rb8 16. Re2 Ba6 17. Rc2 g5 18. Ne1 Ne5 19. Nd2 g4 20. b3 Rbd8 21. Qc1 Nd6 22. f4 gxf3 23. Ndxf3 Nxf3+ 24. Bxf3 Ne4 25. Qe3 Ng5 26. Bg2 d4 27. Qd2 Ne4 0-1

[Event "Schwarzach op 26th"]
[Site "Schwarzach"]
[Date "2011.08.28"]
[Round "9"]
[White "Jens, Jelmer"]
[Black "Rolletschek, Heinrich"]
[Result "1-0"]
[WhiteElo "2382"]
[BlackElo "2238"]
[PlyCount "77"]
[EventDate "2011.08.20"]
[EventType "swiss"]
[EventRounds "9"]
[EventCountry "AUT"]
[SourceTitle "CBM 144 Extra"]
[Source "ChessBase"]
[SourceDate "2011.10.28"]
[SourceVersion "1"]
[SourceVersionDate "2011.10.28"]
[SourceQuality "1"]

1. e4 e5 2. Nf3 Nc6 3. Bb5 a6 4. Ba4 d6 5. 0-0 Bd7 6. c3 g6 7. d4 Bg7 8. Be3 b5 9. Bc2 Nge7 10. Nbd2 0-0 11. dxe5 Nxe5 12. Nxe5 Bxe5 13. f4 Bg7 14. f5 Nc6 15. Qf3 Ne5 16. Qg3 h6 17. Rf2 Kh7 18. Raf1 Bf6 19. Nf3 g5 20. h4 Nxf3+ 21. Qxf3 Rg8 22. hxg5 hxg5 23. Qh5+ Kg7 24. Bd4 Bxd4 25. cxd4 f6 26. Qg6+ Kf8 27. Qh6+ Ke8 28. e5 Qe7 29. exf6 Qf8 30. Re1+ Kd8 31. Qh7 c6 32. Re7 Ra7 33. Rfe2 Rh8 34. Qg7 Rg8 35. Qxf8+ Rxf8 36. f7 Rc7 37. f6 c5 38. Bg6 Rc8 39. dxc5 1-0

[Event "Schwarzach op 26th"]
[Site "Schwarzach"]
[Date "2011.08.26"]
[Round "7"]
[White "Rolletschek, Heinrich"]
[Black "De Haan, Eric"]
[Result "1-0"]
[WhiteElo "2238"]
[BlackElo "2323"]
[PlyCount "99"]
[EventDate "2011.08.20"]
[EventType "swiss"]
[EventRounds "9"]
[EventCountry "AUT"]
[SourceTitle "CBM 144 Extra"]
[Source "ChessBase"]
[SourceDate "2011.10.28"]
[SourceVersion "1"]
[SourceVersionDate "2011.10.28"]
[SourceQuality "1"]

1. e4 c5 2. Nf3 e6 3. d3 Nc6 4. g3 g6 5. Bg2 Bg7 6. 0-0 Nge7 7. c3 0-0 8. Be3 b6 9. d4 d5 10. dxc5 dxe4 11. Qxd8 Rxd8 12. Nfd2 f5 13. cxb6 Ba6 14. Rd1 Nd5 15. bxa7 Nxe3 16. fxe3 Ne5 17. Bf1 Nf3+ 18. Kf2 Bxf1 19. Kxf1 Rxa7 20. Ke2 Rad7 21. a4 Bf8 22. b4 Rd3 23. Ra3 Nxh2 24. Rc1 Rc8 25. Rd1 Rcd8 26. Rc1 Ng4 27. Nf1 Ne5 28. Ra2 Bh6 29. c4 Ng4 30. Rc3 Nxe3 31. Nxe3 Rxc3 32. Nxc3 Bxe3 33. Kxe3 Rd3+ 34. Ke2 Rxc3 35. a5 Rxg3 36. Kf1 e3 37. a6 Kf7 38. a7 e2+ 39. Kf2 Rg2+ 40. Kxg2 e1Q 41. a8Q Kf6 42. Qd8+ Ke5 43. Qh8+ Ke4 44. Qb2 Kd3 45. Qc2+ Kd4 46. Qd2+ Qxd2+ 47. Rxd2+ Kxc4 48. Rb2 Kb5 49. Re2 Kxb4 50. Rxe6 1-0

[Event "Schwarzach op 26th"]
[Site "Schwarzach"]
[Date "2011.08.24"]
[Round "5"]
[White "Rolletschek, Heinrich"]
[Black "Bukal, Vladimir Jr"]
[Result "1-0"]
[WhiteElo "2238"]
[BlackElo "2415"]
[PlyCount "103"]
[EventDate "2011.08.20"]
[EventType "swiss"]
[EventRounds "9"]
[EventCountry "AUT"]
[SourceTitle "CBM 144 Extra"]
[Source "ChessBase"]
[SourceDate "2011.10.28"]
[SourceVersion "1"]
[SourceVersionDate "2011.10.28"]
[SourceQuality "1"]

1. e4 g6 2. g3 d5 3. d3 dxe4 4. dxe4 Qxd1+ 5. Kxd1 Nf6 6. f3 Bg7 7. c3 0-0 8. Be3 Ne8 9. Nd2 Nd6 10. Kc2 Nc6 11. Re1 Ne5 12. h3 Be6 13. b3 a5 14. f4 Nc6 15. a4 Rad8 16. Ngf3 Bc8 17. g4 f6 18. Bf2 Bh6 19. Bg3 e5 20. f5 Rfe8 21. Bd3 Nb8 22. Nc4 Nd7 23. Nxd6 cxd6 24. Bc4+ Kg7 25. Bf2 Nc5 26. Bd5 Bf4 27. Nd2 Bxd2 28. Kxd2 Bd7 29. Kc2 Bc6 30. Bxc6 bxc6 31. Bxc5 dxc5 32. Rd1 gxf5 33. gxf5 Kh6 34. Rxd8 Rxd8 35. Rg1 Rd7 36. Rg8 Kh5 37. Rc8 Rd6 38. Re8 Kg5 39. Re6 Rd7 40. Rxc6 Kf4 41. Rxc5 Kxe4 42. Rxa5 Kf3 43. Ra6 e4 44. Rxf6 e3 45. Re6 Rd2+ 46. Kc1 Rd5 47. f6 Kf2 48. c4 Rf5 49. Kc2 h5 50. Kd3 Rf3 51. a5 Rxh3 52. a6 1-0

[Event "Schwarzach op 23rd"]
[Site "Schwarzach"]
[Date "2008.08.19"]
[Round "4"]
[White "Hager, Joshua Aarash"]
[Black "Rolletschek, Heinrich"]
[Result "1-0"]
[WhiteElo "2128"]
[BlackElo "2235"]
[PlyCount "77"]
[EventDate "2008.08.16"]
[EventType "swiss"]
[EventRounds "9"]
[EventCountry "AUT"]
[SourceTitle "CBM 126 Extra"]
[Source "ChessBase"]
[SourceDate "2008.11.05"]
[SourceVersion "1"]
[SourceVersionDate "2008.11.05"]
[SourceQuality "1"]

1. e4 e5 2. Nf3 Nc6 3. Bb5 a6 4. Ba4 d6 5. c3 Bd7 6. d4 g6 7. 0-0 Bg7 8. Re1 Nge7 9. d5 Na5 10. Bxd7+ Qxd7 11. b3 c5 12. dxc6 bxc6 13. c4 0-0 14. Bb2 Qe6 15. Nc3 h6 16. Qd2 Nb7 17. Rad1 f5 18. c5 fxe4 19. Nxe4 d5 20. Ng3 e4 21. Nd4 Qf7 22. b4 h5 23. f3 h4 24. Nh1 Rad8 25. Nf2 Nf5 26. Nxc6 e3 27. Rxe3 Nxe3 28. Bxg7 Nc4 29. Nxd8 Rxd8 30. Qg5 Kxg7 31. c6 Rd6 32. cxb7 Qxb7 33. Re1 Rf6 34. Ng4 Qb6+ 35. Kh1 Re6 36. Qh6+ Kg8 37. Qxh4 d4 38. Rxe6 Qxe6 39. Qd8+ 1-0

[Event "AUT-chT2M 0506"]
[Site "Austria"]
[Date "2006.03.26"]
[Round "11.2"]
[White "Rolletschek, Heinrich"]
[Black "Bawart, Markus"]
[Result "1/2-1/2"]
[WhiteElo "2246"]
[BlackElo "2338"]
[PlyCount "49"]
[EventDate "2005.10.08"]
[EventType "team-tourn"]
[EventRounds "11"]
[EventCountry "AUT"]
[SourceTitle "EXT 2006"]
[Source "ChessBase"]
[SourceDate "2005.11.24"]
[SourceVersion "1"]
[SourceVersionDate "2005.11.24"]
[SourceQuality "1"]
[WhiteTeam "Linz SK Voest"]
[BlackTeam "Graz Styria"]
[WhiteTeamCountry "AUT"]
[BlackTeamCountry "AUT"]

1. e4 g6 2. d4 Bg7 3. g3 d6 4. Bg2 Nd7 5. Ne2 e5 6. 0-0 Ne7 7. c4 0-0 8. Nbc3 a5 9. Be3 Nc6 10. d5 Ne7 11. a3 f5 12. f3 Kh8 13. Qd2 a4 14. Qc2 Nb6 15. Bxb6 cxb6 16. Nxa4 Bd7 17. Nec3 Bh6 18. Rfe1 fxe4 19. fxe4 Ng8 20. b3 Nf6 21. Qd3 Ng4 22. Re2 Qc7 23. Bf3 Bxa4 24. Nxa4 Rxa4 25. Bxg4 1/2-1/2

[Event "AUT-chT2M 0506"]
[Site "Austria"]
[Date "2006.03.05"]
[Round "9.2"]
[White "Rolletschek, Heinrich"]
[Black "Gostisa, Leon F"]
[Result "1/2-1/2"]
[WhiteElo "2246"]
[BlackElo "2415"]
[PlyCount "93"]
[EventDate "2005.10.08"]
[EventType "team-tourn"]
[EventRounds "11"]
[EventCountry "AUT"]
[SourceTitle "EXT 2006"]
[Source "ChessBase"]
[SourceDate "2005.11.24"]
[SourceVersion "1"]
[SourceVersionDate "2005.11.24"]
[SourceQuality "1"]
[WhiteTeam "Linz SK Voest"]
[BlackTeam "Feffernitz"]
[WhiteTeamCountry "AUT"]
[BlackTeamCountry "AUT"]

1. e4 c5 2. g3 Nc6 3. Bg2 g6 4. Ne2 Bg7 5. c3 e5 6. d3 Nf6 7. f4 0-0 8. 0-0 d5 9. fxe5 Nxe5 10. d4 cxd4 11. cxd4 Nc4 12. e5 Ng4 13. Rf3 Nh6 14. b3 Nb6 15. Nbc3 Bg4 16. Rf2 Qd7 17. a4 Rac8 18. Qd2 Be6 19. Ba3 Rfd8 20. Nf4 a5 21. Nb5 Ra8 22. Rc1 Rdc8 23. Rff1 Rc6 24. Nd3 Nf5 25. Nc5 Qc8 26. Qf2 Nd7 27. g4 Nxc5 28. Rxc5 Ne7 29. h3 Rxc5 30. Bxc5 Qd7 31. Qd2 Nc6 32. Kh2 Rc8 33. Nd6 Rb8 34. Nb5 Qd8 35. Bd6 Rc8 36. Nc3 Qh4 37. Nxd5 h5 38. gxh5 Qxh5 39. Nf4 Qh4 40. Nxe6 fxe6 41. Qf4 Qxf4+ 42. Rxf4 Rd8 43. h4 Nxd4 44. Kh3 Nf5 45. Bxb7 Nxd6 46. exd6 Rxd6 47. Be4 1/2-1/2

[Event "AUT-chT2M 0506"]
[Site "Austria"]
[Date "2006.03.04"]
[Round "8.6"]
[White "Schachinger, Mario"]
[Black "Rolletschek, Heinrich"]
[Result "1/2-1/2"]
[WhiteElo "2183"]
[BlackElo "2246"]
[PlyCount "129"]
[EventDate "2005.10.08"]
[EventType "team-tourn"]
[EventRounds "11"]
[EventCountry "AUT"]
[SourceTitle "EXT 2006"]
[Source "ChessBase"]
[SourceDate "2005.11.24"]
[SourceVersion "1"]
[SourceVersionDate "2005.11.24"]
[SourceQuality "1"]
[WhiteTeam "Wolfsberg"]
[BlackTeam "Linz SK Voest"]
[WhiteTeamCountry "AUT"]
[BlackTeamCountry "AUT"]

1. e4 e5 2. f4 Nf6 3. fxe5 Nxe4 4. Nf3 Be7 5. d4 d5 6. Bd3 0-0 7. 0-0 f5 8. c4 Be6 9. Qb3 Nc6 10. cxd5 Bxd5 11. Bc4 Nb4 12. Nc3 c6 13. Bxd5+ Nxd5 14. Qxb7 Qb6 15. Qd7 Nexc3 16. bxc3 Rf7 17. e6 Rf6 18. Ne5 Rd8 19. Qxc6 Rxe6 20. Qxb6 axb6 21. Bd2 Bf6 22. Rxf5 g6 23. Rf2 Bxe5 24. dxe5 Rxe5 25. Raf1 Ne3 26. Re1 Nc4 27. Rxe5 Nxe5 28. Bg5 Rd3 29. Rc2 Ng4 30. Bd2 Kf7 31. h3 Nf6 32. Kf1 Ke6 33. Be1 Nd5 34. Rb2 Ke5 35. c4 Ne3+ 36. Ke2 Nxc4 37. Kxd3 Nxb2+ 38. Kc3 Nd1+ 39. Kb4 Kd6 40. Kb5 Kc7 41. Bd2 Kb7 42. Bf4 Nc3+ 43. Kc4 Ne2 44. Be3 Kc6 45. Kd3 Ng3 46. Bf4 Nh5 47. Be3 Nf6 48. Kd4 Nd7 49. Bf4 b5 50. Bg3 Nb6 51. Bf4 Nd5 52. Bd2 Nb6 53. Bg5 Nd5 54. Bd2 Nb6 55. h4 Nc4 56. Bf4 Nb2 57. Bh6 Kd6 58. Bg5 Na4 59. Bf4+ Ke6 60. g3 Kf5 61. a3 Kg4 62. Bc7 g5 63. hxg5 Kxg5 64. Be5 Kg4 65. Bc7 1/2-1/2

[Event "AUT-chT2M 0506"]
[Site "Austria"]
[Date "2005.10.09"]
[Round "2.2"]
[White "Rolletschek, Heinrich"]
[Black "Ceschia, Ivano"]
[Result "1-0"]
[WhiteElo "2246"]
[BlackElo "2321"]
[PlyCount "109"]
[EventDate "2005.10.08"]
[EventType "team-tourn"]
[EventRounds "11"]
[EventCountry "AUT"]
[SourceTitle "EXT 2006"]
[Source "ChessBase"]
[SourceDate "2005.11.24"]
[SourceVersion "1"]
[SourceVersionDate "2005.11.24"]
[SourceQuality "1"]
[WhiteTeam "Linz SK Voest"]
[BlackTeam "St Veit/Glan"]
[WhiteTeamCountry "AUT"]
[BlackTeamCountry "AUT"]

1. e4 c5 2. Nf3 e6 3. d3 d5 4. Nbd2 Nf6 5. g3 Nc6 6. Bg2 Be7 7. 0-0 b6 8. Re1 Bb7 9. e5 Nd7 10. Nf1 Qc7 11. Bf4 0-0-0 12. c3 Rdg8 13. d4 g5 14. Be3 g4 15. N3d2 h5 16. Nb3 h4 17. Bf4 Bg5 18. Qxg4 Bxf4 19. Qxf4 f6 20. Qe3 fxe5 21. dxc5 Nf6 22. cxb6 axb6 23. Nbd2 Ng4 24. Qe2 e4 25. f3 Nxh2 26. Kxh2 hxg3+ 27. Kg1 Ne5 28. fxe4 Ng4 29. Ne3 Nf2 30. exd5 Rh2 31. Qc4 exd5 32. Qxc7+ Kxc7 33. Nef1 Nh3+ 34. Bxh3 Rxh3 35. Re7+ Kb8 36. Kg2 Rh6 37. Rae1 d4+ 38. Rxb7+ Kxb7 39. cxd4 Rc6 40. Re3 Rd8 41. Rd3 Rc2 42. b3 Rxa2 43. Kxg3 Ra5 44. Kf2 Rf5+ 45. Ke2 Rg8 46. Rg3 Rxg3 47. Nxg3 Rf8 48. Nge4 Kc6 49. Nc3 Rh8 50. Kd3 b5 51. b4 Rh3+ 52. Kc2 Rh2 53. d5+ Kd6 54. Kb3 Rh3 55. Ndb1 1-0

[Event "AUT-ch qual"]
[Site "Gmunden"]
[Date "2005.08.17"]
[Round "5"]
[White "Rolletschek, Heinrich"]
[Black "Nickl, Klaus"]
[Result "0-1"]
[WhiteElo "2265"]
[BlackElo "2175"]
[PlyCount "112"]
[EventDate "2005.08.13"]
[EventType "swiss"]
[EventRounds "9"]
[EventCountry "AUT"]
[SourceTitle "CBM 107 Extra"]
[Source "ChessBase"]
[SourceDate "2005.09.01"]
[SourceVersion "1"]
[SourceVersionDate "2005.09.01"]
[SourceQuality "1"]

1. e4 d6 2. g3 Nf6 3. Bg2 e5 4. Ne2 h5 5. d4 Nc6 6. Bg5 Be7 7. d5 Nb8 8. h4 c6 9. c4 Qb6 10. Qb3 Nbd7 11. f3 Nc5 12. Qc2 Qxb2 13. Qxb2 Nd3+ 14. Kd2 Nxb2 15. Kc3 Na4+ 16. Kd2 Nd7 17. Be3 Bd8 18. Nec3 Ndc5 19. Kc2 Bb6 20. Bxc5 Nxc5 21. Bh3 Bxh3 22. Rxh3 Nd7 23. Nd2 Bd4 24. dxc6 bxc6 25. Rb1 Bxc3 26. Kxc3 Nc5 27. Rhh1 0-0-0 28. Nb3 Na4+ 29. Kb4 Nb6 30. Rhd1 c5+ 31. Kc3 Kc7 32. Nd2 Rb8 33. Rb3 Rb7 34. Nf1 Rhb8 35. Rdb1 Nc8 36. Ne3 Ne7 37. R1b2 Rb6 38. Rb1 g6 39. g4 Rh8 40. Rh1 Rxb3+ 41. axb3 Nc6 42. Nd5+ Kb7 43. Nf6 Nd4 44. gxh5 gxh5 45. Rg1 Nxf3 46. Rg7 Nxh4 47. Rxf7+ Ka8 48. Nd5 Ng6 49. Rg7 Nf4 50. Nc7+ Kb8 51. Na6+ Kc8 52. Rxa7 Rh6 53. b4 cxb4+ 54. Nxb4 h4 55. Nc6 h3 56. Re7 Ne2+ 0-1